[Event "New Delhi Matrix Cup 4th"]
[Site "New Delhi"]
[Date "2025.01.03"]
[Round "1"]
[White "Sehgal, Dhairya"]
[Black "Banerjee, Sushant"]
[Result "0-1"]
[WhiteElo "1435"]
[BlackElo "2148"]
[PlyCount "42"]
[EventDate "2025.01.03"]
[EventType "swiss"]
[EventRounds "9"]
[EventCountry "IND"]
[SourceTitle "CB03_2025"]
[SourceDate "2025.01.15"]
[SourceVersion "1"]
[SourceVersionDate "2025.01.15"]
[SourceQuality "1"]

1. d4 Nf6 2. c4 e5 3. Nf3 e4 4. Nfd2 d5 5. Nc3 Bd6 6. cxd5 Bf5 7. Qb3 b6 8. Nc4 0-0 9. Bg5 Re8 10. Rc1 Be7 11. Nd2 Ng4 12. Bf4 Bd6 13. Bg3 Nxf2 14. Bxf2 e3 15. Bg3 exd2+ 16. Kxd2 Qg5+ 17. Kd1 Bxg3 18. hxg3 Nd7 19. Nb5 Nf6 20. Rxc7 Ne4 21. Qf3 Qd2# 0-1

[Event "Mumbai Wealth op 4th"]
[Site "Mumbai"]
[Date "2019.01.01"]
[Round "3"]
[White "Banerjee, Sushant"]
[Black "Movsziszian, Karen"]
[Result "0-1"]
[WhiteElo "2198"]
[BlackElo "2505"]
[PlyCount "81"]
[EventDate "2018.12.30"]
[EventType "swiss"]
[EventRounds "9"]
[EventCountry "IND"]
[SourceTitle "CBM 188 Extra"]
[Source "ChessBase"]
[SourceDate "2019.02.28"]
[SourceVersion "1"]
[SourceVersionDate "2019.02.28"]
[SourceQuality "1"]

1. e4 g6 2. Nc3 Bg7 3. Bc4 c6 4. Nf3 b5 5. Bb3 a5 6. a4 b4 7. Ne2 d5 8. exd5 cxd5 9. d4 Nc6 10. c4 bxc3 11. bxc3 Ba6 12. 0-0 Nf6 13. Re1 Rc8 14. Nf4 0-0 15. Ba3 Re8 16. Bc5 e6 17. Qc2 Nd7 18. Rad1 Nxc5 19. dxc5 Qf6 20. Ne2 Bxe2 21. Qxe2 Qxc3 22. Qb5 Nb4 23. Bxd5 Nxd5 24. Rxd5 Qxe1+ 25. Nxe1 exd5 26. Nf3 Rb8 27. Qd3 Rec8 28. g3 Rxc5 29. Nd4 Rb4 30. Nb5 Rxa4 31. Qe3 Rc8 32. Nd6 Rf8 33. Qe7 d4 34. Kg2 d3 35. Nxf7 d2 36. Qe6 Rxf7 37. Qe8+ Rf8 38. Qxa4 Rd8 39. Qd1 a4 40. Kf1 a3 41. Kg2 0-1

[Event "Mumbai Mayors Cup 6th"]
[Site "Mumbai"]
[Date "2013.06.03"]
[Round "8"]
[White "Banerjee, Sushant"]
[Black "Konguvel, Ponnuswamy"]
[Result "0-1"]
[WhiteElo "2198"]
[BlackElo "2357"]
[PlyCount "46"]
[EventDate "2013.05.29"]
[EventType "swiss"]
[EventRounds "11"]
[EventCountry "IND"]
[SourceTitle "CBM 154 Extra"]
[Source "ChessBase"]
[SourceDate "2013.06.25"]
[SourceVersion "2"]
[SourceVersionDate "2013.06.25"]
[SourceQuality "1"]

1. e4 c5 2. c3 d5 3. exd5 Qxd5 4. d4 Nc6 5. Nf3 Bf5 6. Na3 cxd4 7. Bc4 Qe4+ 8. Be3 0-0-0 9. cxd4 e5 10. 0-0 exd4 11. Bg5 f6 12. Re1 Qg4 13. h3 Qh5 14. Bf4 Nh6 15. Nb5 g5 16. Nxa7+ Nxa7 17. Rc1 Nc6 18. Qa4 gxf4 19. Qa8+ Kc7 20. Qa4 Kb8 21. Bb5 Bd7 22. Nxd4 Nxd4 23. Bxd7 Bb4 0-1

[Event "Mumbai Mayors Cup 6th"]
[Site "Mumbai"]
[Date "2013.06.01"]
[Round "5"]
[White "Baghdasaryan, Vahe"]
[Black "Banerjee, Sushant"]
[Result "1-0"]
[WhiteElo "2387"]
[BlackElo "2198"]
[PlyCount "39"]
[EventDate "2013.05.29"]
[EventType "swiss"]
[EventRounds "11"]
[EventCountry "IND"]
[SourceTitle "CBM 154 Extra"]
[Source "ChessBase"]
[SourceDate "2013.06.25"]
[SourceVersion "2"]
[SourceVersionDate "2013.06.25"]
[SourceQuality "1"]

1. e4 d5 2. exd5 Nf6 3. Nc3 Nxd5 4. Bc4 Be6 5. Qf3 c6 6. Nge2 Nd7 7. Bxd5 Bxd5 8. Nxd5 Ne5 9. Qb3 Qxd5 10. Qxb7 Qc4 11. 0-0 Qd5 12. d4 Nd7 13. Nc3 e6 14. Bf4 e5 15. Bxe5 Nxe5 16. Rfe1 Bd6 17. dxe5 Bb8 18. e6 fxe6 19. Qxg7 Rf8 20. Re4 1-0

[Event "Mumbai Mayors Cup 1st"]
[Site "Mumbai"]
[Date "2008.05.14"]
[Round "5"]
[White "Banerjee, Sushant"]
[Black "Mohannad, Farhan"]
[Result "1/2-1/2"]
[WhiteElo "2122"]
[BlackElo "2285"]
[PlyCount "160"]
[EventDate "2008.05.11"]
[EventType "swiss"]
[EventRounds "11"]
[EventCountry "IND"]
[SourceTitle "CBM 124 Extra"]
[Source "ChessBase"]
[SourceDate "2008.07.03"]
[SourceVersion "1"]
[SourceVersionDate "2008.07.03"]
[SourceQuality "1"]

1. e4 c5 2. Nc3 Nc6 3. f4 e6 4. Nf3 d5 5. Bb5 a6 6. Bxc6+ bxc6 7. 0-0 Nf6 8. Qe2 c4 9. d4 cxd3 10. cxd3 a5 11. e5 Ng4 12. f5 exf5 13. h3 Qb6+ 14. Kh1 h5 15. Nh4 g6 16. hxg4 hxg4 17. g3 Be7 18. Kg2 d4 19. e6 dxc3 20. exf7+ Kxf7 21. Nxg6 Kxg6 22. Qxe7 c5 23. Qg5+ Kf7 24. Rxf5+ Bxf5 25. Qxf5+ Qf6 26. Qd7+ Qe7 27. Qf5+ Ke8 28. Qg6+ Kd7 29. Qxg4+ Qe6 30. Qxe6+ Kxe6 31. bxc3 Rhd8 32. d4 cxd4 33. cxd4 Rxd4 34. Bf4 Rc8 35. Re1+ Kf7 36. Re2 Rdc4 37. a3 Rc2 38. Bd2 a4 39. Kf2 Rd8 40. Bb4 Rxe2+ 41. Kxe2 Kg6 42. Ke3 Kf5 43. Bc3 Kg4 44. Be5 Kf5 45. Bd4 Rg8 46. Kf3 Rg4 47. Bc5 Rc4 48. Bd6 Rd4 49. Bc5 Rd3+ 50. Kf2 Kg4 51. Ke2 Rxg3 52. Kd2 Rb3 53. Kc2 Kf5 54. Bb4 Ke4 55. Be7 Kd4 56. Kd2 Rb2+ 57. Kc1 Rg2 58. Bb4 Kc4 59. Bd6 Kb3 60. Bb4 Rc2+ 61. Kd1 Rc7 62. Kd2 Kb2 63. Kd3 Kb3 64. Kd2 Rb7 65. Bf8 Rd7+ 66. Kc1 Rd4 67. Be7 Rc4+ 68. Kd2 Kb2 69. Kd3 Rc3+ 70. Kd2 Rc7 71. Bb4 Rd7+ 72. Ke3 Rb7 73. Bf8 Rb8 74. Bc5 Kc3 75. Ke2 Rb5 76. Bd6 Rd5 77. Bf8 Kc2 78. Ke3 Rd3+ 79. Ke4 Rh3 80. Kd4 Kb2 1/2-1/2

[Event "Commonwealth-ch"]
[Site "Sangli"]
[Date "2000.??.??"]
[Round "6"]
[White "Banerjee, Sushant"]
[Black "Reefat, Bin Sattar"]
[Result "0-1"]
[WhiteElo "2207"]
[BlackElo "2379"]
[PlyCount "42"]
[EventDate "2000.??.??"]
[EventType "swiss"]
[EventRounds "11"]
[EventCountry "IND"]
[SourceTitle "EXT 2001"]
[Source "ChessBase"]
[SourceDate "2000.11.22"]
[SourceVersion "1"]
[SourceVersionDate "2000.11.22"]
[SourceQuality "1"]

1. e4 e6 2. d4 d5 3. e5 c5 4. c3 Nc6 5. Nf3 Bd7 6. Be2 f6 7. 0-0 fxe5 8. Nxe5 Nxe5 9. dxe5 Qc7 10. c4 Qxe5 11. Bh5+ g6 12. Bf3 0-0-0 13. Re1 Qf5 14. cxd5 exd5 15. Nc3 Nf6 16. a4 Kb8 17. Nb5 a6 18. g3 g5 19. Nc3 h6 20. Re3 d4 21. Qb3 Bc8 0-1